LONG CASES I CLINICAL MEDICINE (CONCERNED WITH LONG CASES, THEIR PRESENTATION, RELATED QUESTIONS, ANSWERS AND DISCUSSIONS) (Record no. 216920)

MARC details
000 -LEADER
fixed length control field 00630nam a22001817a 4500
008 - FIXED-LENGTH DATA ELEMENTS--GENERAL INFORMATION
fixed length control field 260401b |||||||| |||| 00| 0 eng d
020 ## - INTERNATIONAL STANDARD BOOK NUMBER
International Standard Book Number 978-93-88958-77-6
050 ## - LIBRARY OF CONGRESS CALL NUMBER
Classification number RC 46 .A 23 2019
100 ## - MAIN ENTRY--PERSONAL NAME
Personal name ABDULLA, ABM
245 ## - TITLE STATEMENT
Title LONG CASES I CLINICAL MEDICINE (CONCERNED WITH LONG CASES, THEIR PRESENTATION, RELATED QUESTIONS, ANSWERS AND DISCUSSIONS)
250 ## - EDITION STATEMENT
Edition statement 2
260 ## - PUBLICATION, DISTRIBUTION, ETC.
Place of publication, distribution, etc. NEW DELHI,
Name of publisher, distributor, etc. JAYPEE BROTHERS MEDICAL PUBLISHERS,
Date of publication, distribution, etc. 2019,
300 ## - PHYSICAL DESCRIPTION
Extent XVi, 856 P, ILL
500 ## - GENERAL NOTE
General note INCLUDES BIBLIOGRAPHICAL REFERENCES AND INDEX
650 ## - SUBJECT ADDED ENTRY
Topical term or geographic name entry element INTERNAL MEDICINE-CASE STUDIES
942 ## - ADDED ENTRY ELEMENTS (KOHA)
Source of classification or shelving scheme Library of Congress Classification
Koha item type Long Loan Book
Holdings
Withdrawn status Lost status Source of classification or shelving scheme Damaged status Not for loan Collection Home library Current library Shelving location Date acquired Inventory number Total checkouts Full call number Barcode Date last seen Copy number Price effective from Koha item type
    Library of Congress Classification     Medicine Kisii University Library Kisii University Library On Display 04/01/2026 112656   RC 46 .A 23 2019 A000622 04/01/2026 1 04/01/2026 Long Loan Book
    Library of Congress Classification     Medicine Kisii University Library Kisii University Library On Display 04/01/2026 112657   RC 46 .A 23 2019 000000018474 04/01/2026 2 04/01/2026 Long Loan Book
    Library of Congress Classification     Medicine Kisii University Library Kisii University Library On Display 04/01/2026 112658   RC 46 .A 23 2019 000000018473 04/01/2026 3 04/01/2026 Long Loan Book
    Library of Congress Classification     Medicine Kisii University Library Kisii University Library On Display 04/01/2026 112659   RC 46 .A 23 2019 A000458 04/01/2026 4 04/01/2026 Long Loan Book